000 00814nam a2200229 a 4500
003 OSt
005 20240226114019.0
008
020 _a9780620737098 (paperback)
040 _aNUST
_cNUST
_beng
_dNUST
_erda
050 _aHF5415 NYA
100 1 _aNyambawo, Andrew.
_eAuthor
245 1 0 _aIntergral marketing :
_benhancing livelihoods /
_cAndrew Nyambayo
260 _aRepublic of South Africa :
_bPhindela Publishing Group,
_c©2017.
300 _axiv, 249 pages
_bcolour illustrations ;
_c24 cm.
336 _atext
_btxt
_2rdacontent
337 _aunmediated
_bnc
_2rdamedia
338 _avolume
_bnc
_2rdacarrier
504 _aIncludes bibliographical references and index.
650 1 _aIntergral Marketing.
942 _cBOOKS
_kHF
_mNYA
_2lcc
_hHF5415
_n0
999 _c169924
_d169924